| 000 | 00443nam a22001697a 4500 | ||
|---|---|---|---|
| 005 | 20240806122122.0 | ||
| 008 | 240806b |||||||| |||| 00| 0 eng d | ||
| 020 | _a9780443068485 | ||
| 082 |
_a616.075 _bMAC-M |
||
| 245 | _aMcLeod's Clinical Examination / | ||
| 250 | _a12th ed. | ||
| 260 |
_aUSA: _bChurchill ; _c2009 |
||
| 300 |
_axiii,476p. _bill; _c24 cm. |
||
| 500 | _ainclude index . | ||
| 650 | _aMedical / Clinical | ||
| 999 |
_c36308 _d36308 |
||